Lacrosse face-off #84 / text written by Stephanie ... Read More
Available copies
- 2 of 2 copies available at LARL/NWRL Consortium.
- 1 of 1 copy available at Lake Agassiz Regional Library. (Show preferred library)
Current holds
0 current holds with 2 total copies.
Show Only Available Copies
| Location | Call Number / Copy Notes | Barcode | Shelving Location | Status | Due Date |
|---|---|---|---|---|---|
| Detroit Lakes Public Library | J PET (Text) | 33500008855355 | Main | Available | - |
| Roseau Public Library | j pb (Text) | 35500003736277 | Main | Available | - |
Record details
- ISBN: 0316796417
- Physical Description: 116 p. ; 19 cm.
- Edition: 1st ed.
- Publisher: New York : Little, Brown, 2005.
Content descriptions
| General Note: | "Matt Christopher." |
| Summary, etc.: | Eleven-year-old Garry, embarrassed when his ... Read More |
Search for related items by subject
| Subject: | Teamwork (Sports) > Fiction. Bullies > Fiction. Sportsmanship > Fiction. Lacrosse > Fiction. Brothers > Fiction. |
Search for related items by series
| LDR | 01739cam a22003858a 4500 | ||
|---|---|---|---|
| 001 | 66602 | ||
| 003 | LARL_NWRL_CONSORTIUM | ||
| 005 | 20041207165441.0 | ||
| 008 | 041122s2005 nyu c 000 1 eng | ||
| 020 | . | ‡a0316796417 | |
| 035 | . | ‡a(OCoLC)57192954 | |
| 042 | . | ‡alcac | |
| 082 | 0 | 0. | ‡a[Fic] ‡222 |
| 100 | 1 | . | ‡aPeters, Stephanie True, ‡d1965- ‡0(LARL_NWRL_CONSORTIUM)128132 |
| 245 | 1 | 0. | ‡aLacrosse face-off ‡n#84 / ‡ctext written by Stephanie Peters. |
| 250 | . | ‡a1st ed. | |
| 260 | . | ‡aNew York : ‡bLittle, Brown, ‡c2005. | |
| 300 | . | ‡a116 p. ; ‡c19 cm. | |
| 490 | 0 | . | ‡aMatt Christopher sports stories; ‡v84 |
| 500 | . | ‡a"Matt Christopher." | |
| 520 | . | ‡aEleven-year-old Garry, embarrassed when his unathletic brother joins his lacrosse team, faces a bigger problem when the team bully turns on both of them. | |
| 650 | 1. | ‡aTeamwork (Sports) ‡vFiction. | |
| 650 | 1. | ‡aBullies ‡vFiction. | |
| 650 | 1. | ‡aSportsmanship ‡vFiction. | |
| 650 | 1. | ‡aLacrosse ‡vFiction. | |
| 650 | 1. | ‡aBrothers ‡vFiction. ‡0(LARL_NWRL_CONSORTIUM)163686 | |
| 901 | . | ‡a66602 ‡bOCLC ‡c66602 ‡tbiblio | |

Add to basket
Permalink
Disable Highlighting